Sports Quiz

Random Sports or Auto Racing Quiz
Score 0/58 Timer 20:00
0 Plays Today
Nationality Driver % Correct
GermanyMichael Schumacher
97.5%
GermanyRalf Schumacher
96.6%
FinlandMika Hakkinen
91.4%
United KingdomDamon Hill
90.8%
United KingdomDavid Coulthard
88.8%
BrazilRubens Barrichello
87.1%
CanadaJacques Villeneuve
81.1%
NetherlandsJos Verstappen
80.7%
ItalyGiancarlo Fisichella
79.9%
United KingdomEddie Irvine
77%
ItalyJarno Trulli
76.7%
GermanyHeinz-Harald Frentzen
74.8%
FranceOlivier Panis
72.1%
FinlandMika Salo
71.8%
AustriaAlexander Wurz
56%
DenmarkJan Magnussen
54.7%
BrazilPedro Diniz
54.3%
United StatesMichael Andretti
52.7%
United KingdomMark Blundell
51.1%
JapanUkyo Katayama
48.8%
ItalyAlessandro Zanardi
44.8%
ItalyLuca Badoer
43.6%
AustriaRoland Ratzenberger
42.8%
AustraliaDavid Brabham
41.3%
SpainPedro de la Rosa
41.1%
SpainMarc Gene
39.9%
JapanToshio Suzuki
36.2%
AustriaKarl Wendlinger
35.8%
PortugalPedro Lamy
35.7%
Nationality Driver % Correct
BrazilRicardo Zonta
34.4%
BrazilChristian Fittipaldi
33.9%
JapanTaki Inoue
31.8%
JapanToranosuke Takagi
31.8%
ItalyGianni Morbidelli
30.9%
BrazilRicardo Rosset
30.8%
JapanShinji Nakano
29%
BrazilTarso Marques
24.6%
ArgentinaEsteban Tuero
24.4%
FranceErik Comas
24.3%
ItalyAndrea Montermini
20.7%
FranceStephane Sarrazin
18.2%
ArgentinaNorberto Fontana
17.4%
FranceJean-Christophe Boullion
16.1%
ItalyGiovanni Lavaggi
15.2%
SwitzerlandJean-Denis Deletraz
15.1%
FrancePaul Belmondo
14.7%
JapanHideki Noda
14.4%
MonacoOlivier Beretta
14.3%
ItalyMassimiliano Papis
13%
BelgiumEric van de Poele
11.3%
ItalyMarco Apicella
11.2%
FranceJean-Marc Gounon
11.1%
BelgiumPhilippe Adams
10.9%
ItalyDomenico Schiattarella
10.4%
ItalyFabrizio Barbazza
10.3%
FranceFranck Lagorce
9.8%
ItalyEmanuele Naspetti
9.3%
SwitzerlandAndrea Chiesa
8.1%
Remove Ads.
Support Sporcle.
Get the best of Sporcle when you Go Orange. This ad-free experience offers more features, more stats, and more fun while also helping to support Sporcle. Thank you for becoming a member.

You're not logged in!

Compare scores with friends on all Sporcle quizzes.
OR
Log In

Sporcle TV

Today on Sporcle TV


Watch our educational content, quiz creation guides, and fun videos on Sporcle TV.

Show Comments

Extras

Top Quizzes Today


Score Distribution

Paid Content

Your Account Isn't Verified!

In order to create a playlist on Sporcle, you need to verify the email address you used during registration. Go to your Sporcle Settings to finish the process.

Report this User

Report this user for behavior that violates our Community Guidelines.

Details: